[Event "Match"]
[Site "www.echecsemail.com"]
[Date "2016.02.29"]
[Round "1"]
[White "Elogic"]
[Black "Silent1"]
[WhiteElo "2150"]
[BlackElo "1810"]
[Result "1-0"]
[Round "1"]
1.c4 e5
2.Nb1c3 Ng8f6
3.a3 d6
4.e4 Bf8e7
5.Bf1e2 O-O
6.d3 a6
7.h3 Nb8c6
8.Ng1f3 h6
9.Bc1e3 Bc8d7
10.b4 Nc6a7
11.O-O Na7c6
12.Qd1d2 Qd8c8
13.Nc3d5 Qc8d8
14.b5 axb5
15.cxb5 Nc6a7
16.b6 cxb6
17.Be3xb6 Qd8c8
18.Nd5xe7 { resign }
1-0

[Event "Match"]
[Site "www.echecsemail.com"]
[Date "2016.02.29"]
[Round "1"]
[White "Manolinex"]
[Black "Aperturaf"]
[WhiteElo "2880"]
[BlackElo "2500"]
[Result "1-0"]
[Round "1"]
1.e4 e6
2.d4 d5
3.Nb1d2 c5
4.Ng1f3 Nb8c6
5.exd5 exd5
6.Bf1b5 Bf8d6
7.dxc5 Bd6xc5
8.O-O Ng8e7
9.Nd2b3 Bc5d6
10.c3 O-O
11.Rf1e1 Qd8c7
12.h3 f6
13.Nf3d4 a6
14.Bb5d3 Nc6e5
15.Bd3c2 Bc8d7
16.Bc1f4 Rf8f7
17.Nb3d2 Ra8e8
18.Nd2f1 b5
19.Nf1e3 f5
20.Bf4xe5 Bd6xe5
21.Nd4f3 Be5f4
22.Ne3xd5 Ne7xd5
23.Qd1xd5 Re8xe1
24.Ra1xe1 Bd7c6
25.Qd5e6 Bc6d7
26.Qe6xa6 Rf7f8
27.Nf3d4 Qc7b8
28.Bc2d3 Bf4h2
29.Kh1 Bh2e5
30.Bd3xb5 Be5xd4
31.Bb5c4 Kh8
32.cxd4 Qb8b4
33.Re1e5 Rf8f6
34.Qa6a8 { resign }
1-0

[Event "Match"]
[Site "www.echecsemail.com"]
[Date "2016.02.29"]
[Round "1"]
[White "Elogic"]
[Black "Witpar"]
[WhiteElo "2089"]
[BlackElo "2700"]
[Result "0-1"]
[Round "1"]
1.f4 d5
2.e3 c5
3.h3 e5
4.Ng1f3 e4
5.Nf3e5 Qd8h4
6.Ke2 f6
7.c4 fxe5
8.fxe5 d4
9.exd4 cxd4
10.Qd1e1 Qh4h5
11.g4 Bc8xg4
12.hxg4 Qh5xh1
13.Qe1g3 d3
14.Kf2 Bf8c5
{ resign }
0-1

[Event "Match"]
[Site "www.echecsemail.com"]
[Date "2016.02.29"]
[Round "1"]
[White "Elogic"]
[Black "Yakke"]
[WhiteElo "2200"]
[BlackElo "1740"]
[Result "1-0"]
[Round "1"]
1.e3 c5
2.Ng1f3 Nb8c6
3.Bf1c4 e6
4.e4 d5
5.exd5 exd5
6.Qd1e2 Bf8e7
7.Bc4b5 Bc8d7
8.Nb1c3 Ng8f6
9.O-O O-O
10.b3 Nc6d4
11.Nf3xd4 cxd4
12.Nc3a4 a6
13.Bb5xd7 Qd8xd7
14.Bc1b2 Qd7g4
15.Qe2xe7 Qg4g6
16.d3 Qg6h5
17.Bb2xd4 Nf6g4
18.h3 Ng4h6
19.Qe7xb7 Rf8d8
20.Ra1e1 Nh6f5
21.Bd4b6 Nf5d6
22.Qb7c7 Qh5g6
23.Re1e7 Ra8c8
24.Qc7xd8 Rc8xd8
25.Bb6xd8 Nd6f5
26.Re7e8 
1-0

[Event "Match"]
[Site "www.echecsemail.com"]
[Date "2016.02.29"]
[Round "1"]
[White "Fangshuo"]
[Black "Orae"]
[WhiteElo "2120"]
[BlackElo "1710"]
[Result "1-0"]
[Round "1"]
1.e4 e5
2.Ng1f3 Nb8c6
3.Bf1b5 Nc6d4
4.Nf3xd4 exd4
5.b3 Ng8f6
6.d3 c6
7.Bb5c4 d5
8.exd5 Qd8e7
9.Kd2 Nf6g4
10.Rh1e1 Ng4e3
11.fxe3 Qe7b4
12.Ke2 Bc8g4
13.Kf2 Bg4xd1
14.exd4 Kd7
15.dxc6 bxc6
16.Re1xd1 Qb4d6
17.Bc1e3 Qd6f6
18.Kg1 Ra8e8
19.Rd1f1 Qf6h4
20.Rf1xf7 Kd8
21.Be3f2 Qh4h5
22.Nb1c3 Bf8b4
23.Nc3e4 Bb4e7
24.Rf7xg7 Be7f8
25.Rg7d7 Kc8
26.Ne4f6 Qh5f5
27.Bc4a6 Kb8
28.Bf2g3 { resign }
1-0

[Event "Match"]
[Site "www.echecsemail.com"]
[Date "2016.02.29"]
[Round "1"]
[White "Elogic"]
[Black "Luzhin"]
[WhiteElo "1870"]
[BlackElo "2250"]
[Result "0-1"]
[Round "1"]
1.d4 d5
2.Nb1c3 Bc8f5
3.g3 e6
4.Bc1f4 g5
5.Bf4e5 f6
6.Be5xc7 Qd8xc7
7.Ng1f3 Bf8b4
8.Qd1d2 Nb8d7
9.h3 Ra8c8
10.g4 Bf5e4
11.Bf1g2 Bb4xc3
12.bxc3 Qc7xc3
13.Ra1c1 Qc3a3
14.O-O Ng8e7
15.Nf3xg5 fxg5
16.Bg2xe4 dxe4
17.Qd2xg5 Qa3xh3
18.f4 Rh8g8
{ resign }
0-1

[Event "Match"]
[Site "www.echecsemail.com"]
[Date "2016.02.29"]
[Round "1"]
[White "Libiesse"]
[Black "Elogic"]
[WhiteElo "2020"]
[BlackElo "1860"]
[Result "1-0"]
[Round "1"]
1.d4 g6
2.c4 e6
3.Nb1c3 Bf8g7
4.Ng1f3 c6
5.Bc1f4 Ng8e7
6.Qd1a4 d6
7.e3 Qd8c7
8.c5 e5
9.cxd6 Qc7xd6
10.dxe5 Qd6e6
11.Bf1c4 Qe6d7
12.Ra1d1 Qd7f5
13.Nc3d5 b5
14.Nd5c7 { resign }
1-0

[Event "Match"]
[Site "www.echecsemail.com"]
[Date "2016.02.29"]
[Round "1"]
[White "Osvalazo"]
[Black "Elogic"]
[WhiteElo "1909"]
[BlackElo "2230"]
[Result "0-1"]
[Round "1"]
1.e4 e5
2.Bf1c4 Nb8c6
3.Qd1f3 Ng8f6
4.Ng1h3 Nc6d4
5.Qf3c3 Nf6xe4
6.Bc4xf7 Kxf7
7.Qc3c4 d5
8.Qc4d3 Qd8h4
9.O-O Bc8xh3
10.gxh3 c5
11.Kg2 c4
12.Qd3e3 Nd4xc2
13.Qe3f3 Ne4f6
14.Nb1c3 Nc2xa1
15.Nc3xd5 e4
16.Qf3c3 Nf6xd5
17.Qc3xc4 Qh4g5
18.Kh1 Bf8d6
19.Rf1g1 Qg5f4
20.Qc4xd5 { time. }
0-1

[Event "Match"]
[Site "www.echecsemail.com"]
[Date "2016.02.29"]
[Round "1"]
[White "Coventry"]
[Black "Pariolinius"]
[WhiteElo "1790"]
[BlackElo "2060"]
[Result "1-0"]
[Round "1"]
1.e4 d6
2.d4 Ng8f6
3.Nb1c3 g6
4.Bf1e2 Bf8g7
5.Bc1e3 O-O
6.h3 c6
7.Ng1f3 Nb8d7
8.O-O b6
9.Qd1d2 Bc8b7
10.Be3h6 { resign }
1-0

[Event "Match"]
[Site "www.echecsemail.com"]
[Date "2016.02.29"]
[Round "1"]
[White "Maredocla"]
[Black "Elogic"]
[WhiteElo "2110"]
[BlackElo "1900"]
[Result "1-0"]
[Round "1"]
1.f4 e5
2.fxe5 b6
3.Ng1f3 Bc8b7
4.e3 c5
5.c3 Bb7xf3
6.Qd1xf3 Nb8c6
7.d4 g6
8.Bf1c4 Qd8e7
9.Bc4d5 Ra8c8
10.O-O cxd4
11.Bd5xf7 Kd8
12.exd4 Bf8g7
13.Nb1d2 Ng8h6
14.Nd2e4 Rh8f8
15.Bc1xh6 Bg7xh6
16.Ne4d6 Rc8c7
17.Qf3h3 Qe7g5
18.Bf7d5 Rf8f4
19.Nd6f7 Rf4xf7
20.Rf1xf7 Nc6xd4
21.Rf7xh7 Qg5xe5
22.Qh3xh6 Rc7c5
23.Bd5b7 Nd4f5
24.Qh6f8 Kc7
25.Qf8c8 { resign }
1-0

[Event "Match"]
[Site "www.echecsemail.com"]
[Date "2016.02.29"]
[Round "1"]
[White "Pariolinius"]
[Black "Raulazo"]
[WhiteElo "2060"]
[BlackElo "1870"]
[Result "0-1"]
[Round "1"]
1.d4 d5
2.Ng1f3 Bc8g4
3.Nb1d2 Nb8c6
4.e3 e5
5.h3 Bg4h5
6.Bf1e2 e4
7.Nf3e5 Bh5g6
8.Ne5xg6 hxg6
9.Nd2b3 Bf8b4
{ resign }
0-1

[Event "Match"]
[Site "www.echecsemail.com"]
[Date "2016.02.29"]
[Round "1"]
[White "Pariolinius"]
[Black "Elogic"]
[WhiteElo "2000"]
[BlackElo "2059"]
[Result "0-1"]
[Round "1"]
1.e4 Nb8c6
2.d4 e6
3.Ng1f3 d6
4.Bf1b5 Bc8d7
5.Nb1c3 a6
6.Bb5a4 b5
7.Ba4b3 Qd8f6
8.Bc1g5 Qf6g6
9.O-O Bf8e7
10.Qd1d2 Be7xg5
11.Nf3xg5 h6
12.Ng5f3 Ng8e7
13.Rf1e1 Nc6a5
14.Nf3h4 Qg6g5
15.Qd2xg5 hxg5
16.Nh4f3 f6
17.d5 Na5xb3
18.axb3 e5
19.b4 g4
20.Nf3d2 O-O-O
21.Ra1xa6 f5
22.Ra6a8 Kb7
23.Re1a1 Rd8xa8
{ resign }
0-1

[Event "Match"]
[Site "www.echecsemail.com"]
[Date "2016.02.29"]
[Round "1"]
[White "Andregor"]
[Black "Raulazo"]
[WhiteElo "2480"]
[BlackElo "1820"]
[Result "1-0"]
[Round "1"]
1.e4 e5
2.Ng1f3 Nb8c6
3.Bf1b5 Nc6d4
4.Nf3xd4 exd4
5.O-O c6
6.Bb5c4 d5
7.exd5 cxd5
8.Bc4b5 Bc8d7
9.Rf1e1 Ng8e7
10.Nb1a3 a6
11.Bb5xd7 Qd8xd7
12.c4 g6
13.d3 Bf8g7
14.Qd1e2 Bg7f6
15.Bc1h6 Ra8c8
16.cxd5 Qd7xd5
17.Bh6g7 Kd7
18.Bg7xf6 Rh8e8
19.Bf6xe7 b5
20.Qe2g4 f5
21.Qg4h4 Re8g8
22.Be7f6 Kc6
23.Qh4xh7 Qd5d6
24.Qh7a7 Rc8c7
25.Ra1c1 Kd7
26.Re1e7 Kd8
27.Qa7a8 { resign }
1-0

[Event "Match"]
[Site "www.echecsemail.com"]
[Date "2016.02.29"]
[Round "1"]
[White "Nimzo"]
[Black "Szustan"]
[WhiteElo "2800"]
[BlackElo "2710"]
[Result "1-0"]
[Round "1"]
1.d4 d5
2.Ng1f3 Ng8f6
3.c4 dxc4
4.e3 e6
5.Bf1xc4 c5
6.O-O Bf8e7
7.Qd1e2 cxd4
8.exd4 O-O
9.Nb1c3 Nb8c6
10.Rf1d1 Nc6a5
11.Bc4d3 b6
12.Qe2e5 Be7d6
13.Qe5g5 Bc8b7
14.Nf3e5 Nf6d5
15.Qg5g3 Qd8e7
16.Nc3e4 f6
17.Qg3h3 f5
18.Bc1g5 Qe7c7
19.Ra1c1 Na5c6
20.f4 Ra8c8
21.Bd3c4 Nc6xd4
22.Ne4xd6 Qc7xd6
23.Rd1xd4 b5
24.b3 Qd6a3
25.Rc1e1 bxc4
26.bxc4 Qa3xh3
27.gxh3 Nd5b6
28.Bg5e7 Rf8e8
29.Be7b4 Bb7e4
30.Re1d1 Rc8b8
31.Kf2 Re8c8
32.Bb4a5 h6
33.h4 Kh7
34.Rd1g1 Nb6a4
35.Rd4d7 Rb8b2
36.Ke3 Rc8g8
37.h5 Rb2xa2
38.Ba5b4 a5
39.Bb4f8 Be4g2
40.Rd7f7 Ra2b2
41.Rg1a1 Na4c3
42.Ra1xa5 Nc3d1
43.Kd4 Rb2d2
44.Kc5 Rd2d8
45.Ne5d7 Nd1b2
46.Ra5a7 Nb2d3
47.Kb5 Kh8
48.Bf8d6 Bg2f3
49.c5 Bf3e2
50.Kb6 Be2xh5
51.Rf7e7 Rd8e8
52.Re7xe8 Rg8xe8
53.c6 e5
54.Bd6xe5 Nd3b4
55.Kb5 Nb4xc6
56.Kxc6 Bh5f3
57.Kd6 Re8a8
58.Ra7xa8 Bf3xa8
59.h4 { resign }
1-0

[Event "Match"]
[Site "www.echecsemail.com"]
[Date "2016.02.29"]
[Round "1"]
[White "Pariolinius"]
[Black "Orae"]
[WhiteElo "2020"]
[BlackElo "1710"]
[Result "0-1"]
[Round "1"]
1.e4 e5
2.Ng1f3 Nb8c6
3.Bf1b5 Nc6d4
4.Nf3xd4 exd4
5.d3 Qd8e7
6.O-O c6
c6
7.Bb5c4 b5
8.Bc4b3 a5
9.a3 a4
10.Bb3a2 g6
11.Nb1d2 Bf8g7
12.Rf1e1 Bg7e5
13.Nd2f3 h6
14.Nf3xe5 Qe7xe5
15.f4 Qe5e7
16.e5 Bc8b7
17.Bc1d2 h5
{ resign }
0-1

[Event "Match"]
[Site "www.echecsemail.com"]
[Date "2016.02.29"]
[Round "1"]
[White "Vitoriccardo"]
[Black "Elogic"]
[WhiteElo "1950"]
[BlackElo "1910"]
[Result "0-1"]
[Round "1"]
1.e4 e5
2.Ng1f3 d6
3.d4 c6
4.dxe5 dxe5
5.Qd1xd8 Kxd8
6.Nf3xe5 Bc8e6
7.f4 Bf8d6
8.Nb1c3 Bd6xe5
9.fxe5 Nb8d7
10.Bc1f4 Ng8e7
11.O-O-O h6
12.h4 Kc7
13.Bf1e2 h5
14.g4 hxg4
15.Be2xg4 Ne7g6
16.Bg4xe6 fxe6
17.Bf4g3 Ng6xe5
18.Rd1xd7 Kxd7
19.Bg3xe5 Ra8g8
20.Nc3e2 Rh8h5
21.Rh1d1 Ke8
22.Be5g3 g5
23.hxg5 Rh5xg5
24.Bg3h4 Rg5g4
25.Rd1d8 Kf7
26.Rd8xg8 Kxg8
27.Bh4g3 Rg4xe4
28.Kd2 c5
29.Bg3b8 a5
30.Bb8c7 a4
31.Ne2c3 Re4d4
32.Ke3 Rd4c4
33.Bc7e5 Kf7
34.Kd3 Rc4h4
35.Nc3e4 c4
36.Kd4 Kg6
37.Ke3 Kf5
38.Be5f4 Rh4xf4
39.Ne4d6 Ke5
40.Nd6xb7 Rf4h4
41.Nb7a5 Kd5
42.c3 Rh4h2
43.b3 Rh2xa2
44.bxc4 Kc5
45.Kd3 a3
46.Na5b3 Kb6
47.c5 Kc6
48.Kc4 e5
49.Nb3a5 Kd7
50.Kb4 e4
51.Na5c4 Kc6
52.Kb3 Kxc5
53.Nc4xa3 Ra2xa3
{ resign }
0-1

[Event "1/32 Finale"]
[Site "www.chess-mail.com"]
[Date "2016.02.29"]
[Round "1"]
[White "George1955"]
[Black "Guidom"]
[WhiteElo "2770"]
[BlackElo "2090"]
[Result "1-0"]
[Round "1"]
1.e4 e6
2.d4 f5
3.exf5 exf5
4.Bf1d3 g6
5.Ng1f3 d5
6.O-O Bf8e7
7.Rf1e1 Ng8f6
8.Bc1h6 Nf6e4
9.c4 c6
10.Nb1c3 Ne4xc3
11.bxc3 Nb8d7
12.Bh6g5 Kf7
13.Re1xe7 Qd8xe7
14.Bg5xe7 Kxe7
15.Qd1e2 Kd8
16.Nf3g5 Kc7
17.cxd5 cxd5
18.Qe2e7 { resign }
1-0

[Event "Eq:La Taverne-Equipo Juan Diaz : "]
[Site "www.chess-mail.com"]
[Date "2016.02.29"]
[Round "1"]
[White "Astigitana"]
[Black "Xkafi"]
[WhiteElo "2410"]
[BlackElo "1910"]
[Result "1-0"]
[Round "1"]
1.d4 f5
2.e4 Ng8f6
3.exf5 d5
4.Bf1d3 Nb8c6
5.Ng1f3 h6
6.O-O Qd8d6
7.c3 Bc8d7
8.Nb1a3 a6
9.Rf1e1 Nc6a5
10.Nf3e5 O-O-O
11.Ne5f7 Qd6c6
12.Nf7xh8 Na5c4
13.Nh8f7 Rd8e8
14.Na3xc4 dxc4
15.Nf7e5 Qc6d6
16.Ne5xc4 Qd6c6
17.Nc4e5 Qc6d5
18.Bd3c4 Qd5a5
19.b4 Qa5b6
20.Bc1e3 Bd7xf5
21.d5 Qb6d6
22.Be3c5 Qd6d8
23.g4 Bf5h7
24.Ne5f7 Qd8d7
25.d6 exd6
26.Re1xe8 Nf6xe8
27.Qd1e2 Kb8
28.Bc5d4 Bh7g6
29.Qe2e6 Qd7xe6
30.Bc4xe6 Ne8f6
31.Bd4xf6 gxf6
32.f4 h5
33.f5 Bg6h7
34.h3 hxg4
35.hxg4 { resign }
1-0

[Event "Fast Game"]
[Site "www.echecsemail.com"]
[Date "2016.02.29"]
[Round "1"]
[White "Attatroll"]
[Black "Boki84"]
[WhiteElo "1790"]
[BlackElo "1599"]
[Result "1-0"]
[Round "1"]
1.d4 d5
2.c4 Ng8f6
3.Ng1f3 dxc4
4.Nb1c3 c6
5.a4 Qd8a5
6.Bc1d2 Qa5f5
7.e3 Bc8e6
8.Nf3e5 Nb8d7
9.Ne5xc4 O-O-O
10.b3 c5
11.Nc3b5 Kb8
12.Bd2c3 a6
13.Bf1d3 Qf5g5
14.Nb5a3 Qg5xg2
{ time. }
1-0

[Event "Tourn. n8595"]
[Site "www.chess-mail.com"]
[Date "2016.03.01"]
[Round "1"]
[White "Azulmarino"]
[Black "Subh"]
[WhiteElo "1510"]
[BlackElo "1100"]
[Result "1-0"]
[Round "1"]
1.e4 d6
2.d3 g6
3.Nb1c3 Ng8f6
4.Bf1e2 Bf8g7
5.Ng1f3 Bc8g4
6.Bc1g5 Nb8d7
7.h3 Bg4xf3
8.Be2xf3 O-O
9.Qd1d2 Rf8e8
10.Nc3d5 Nf6xd5
11.exd5 Bg7xb2
12.O-O Bb2xa1
13.Rf1xa1  { time }
1-0

[Event "Tourn. n8594"]
[Site "www.chess-mail.com"]
[Date "2016.03.01"]
[Round "1"]
[White "Comrade"]
[Black "Xkafi"]
[WhiteElo "2100"]
[BlackElo "1930"]
[Result "1/2-1/2"]
[Round "1"]
1.c4 e5
2.Nb1c3 Bf8c5
3.Ng1f3 Nb8c6
4.e3 Ng8f6
5.a3 a6
6.b4 Bc5a7
7.b5 Nc6a5
8.Nf3xe5 b6
9.d4 Bc8b7
10.d5 c6
11.e4 Ba7b8
12.Bc1f4 O-O
13.Bf1d3 Rf8e8
14.bxc6 dxc6
15.Ne5xc6 Bb7xc6
16.Bf4xb8 Ra8xb8
17.dxc6 Na5xc6
18.O-O Nc6e5
19.Bd3e2 Qd8c7
20.Nc3d5 Qc7c6
21.f3 Ne5xc4
22.Ra1c1 b5
23.Be2xc4 bxc4
24.Qd1d4 Rb8c8
25.Rc1c3 Qc6c5
26.Qd4xc5 Rc8xc5
27.Nd5e3 Re8c8
28.Rf1c1 Nf6d7
29.Rc3xc4 Rc5xc4
30.Rc1xc4 Rc8xc4
31.Ne3xc4 Kf8
32.Kf2 Nd7c5
33.Ke3 Ke7
34.g4 Ke6
35.f4 g6
36.f5 gxf5
37.gxf5 Kf6
38.h4 h6
39.Nc4d6 h5
40.e5 Kxe5
41.Nd6xf7 Kxf5
42.Kf3 Nc5e4
43.Nf7h6 Ke5
44.Nh6f7 Kf5
45.Nf7h6 { draw }
1/2-1/2

[Event "Tourn. n8594"]
[Site "www.chess-mail.com"]
[Date "2016.03.01"]
[Round "1"]
[White "Piekki"]
[Black "Libiesse"]
[WhiteElo "1860"]
[BlackElo "2000"]
[Result "0-1"]
[Round "1"]
1.e4 c5
2.Ng1f3 e6
3.d4 cxd4
4.Nf3xd4 Nb8c6
5.Nb1c3 a6
6.Bc1e3 Ng8f6
7.f4 d6
8.Bf1e2 Bf8e7
9.O-O Qd8c7
10.a4 O-O
11.Be2f3 Rf8d8
12.g4 d5
13.e5 Nf6d7
14.Bf3xd5 Nc6xd4
15.Be3xd4 Nd7f8
16.f5 exd5
17.f6 Be7c5
18.Kh1 Bc8e6
19.Nc3e2 Bc5xd4
20.Qd1xd4 Qc7xc2
21.Ne2g3 Rd8c8
22.g5 Rc8c4
23.Qd4g1 g6
24.Ra1a3 Qc2xb2
25.Ra3f3 Qb2c2
26.Rf3f2 Qc2xa4
{ resign }
0-1

[Event "Tourn. n8621"]
[Site "www.chess-mail.com"]
[Date "2016.03.01"]
[Round "1"]
[White "Raven16"]
[Black "Darko10"]
[WhiteElo "2200"]
[BlackElo "2510"]
[Result "0-1"]
[Round "1"]
1.e4 g6
2.d4 Bf8g7
3.Nb1c3 d6
4.f4 Ng8f6
5.Ng1f3 O-O
6.Bf1c4 Nf6xe4
7.Nc3xe4 d5
8.Bc4d3 dxe4
9.Bd3xe4 c5
10.c3 cxd4
11.Nf3xd4 Qd8b6
12.Qd1e2 Bg7xd4
13.cxd4 Qb6xd4
14.Qe2e3 Nb8c6
15.O-O Rf8d8
16.Qe3xd4 Nc6xd4
17.Bc1e3 Bc8f5
18.Be4xb7 Ra8b8
19.Bb7a6 Nd4c2
20.Be3c5 Nc2xa1
21.Rf1xa1 Rb8xb2
22.Bc5xe7 Rd8d2
23.Ba6f1 Rb2xa2
24.Ra1b1 Bf5xb1
{ resign }
0-1

[Event "Tourn. n8633"]
[Site "www.chess-mail.com"]
[Date "2016.03.01"]
[Round "1"]
[White "Duff"]
[Black "Johnmcbride"]
[WhiteElo "1870"]
[BlackElo "1830"]
[Result "1-0"]
[Round "1"]
1.e4 e5
2.Ng1f3 d6
3.d4 exd4
4.Nf3xd4 c5
5.Nd4f3 h6
6.Bc1f4 Bf8e7
7.Bf1b5 Bc8d7
8.Bb5xd7 Qd8xd7
9.Nb1c3 Ng8f6
10.O-O Nf6h5
11.Bf4e3 O-O
12.Qd1d2 a6
13.Ra1d1 Rf8d8
14.Nc3d5 Qd7b5
15.Nd5xe7 Kf8
16.Ne7f5 Qb5xb2
17.Be3xc5 Nb8c6
18.Bc5xd6 Kg8
19.a3 Rd8d7
20.Qd2e2 Ra8d8
21.Qe2c4 Nc6a5
22.Qc4d5 Qb2b6
23.Nf3e5 Nh5f6
24.Ne5xd7 Nf6xd5
25.Nd7xb6 Nd5c3
26.Rd1d4 Na5c6
27.Rd4c4 Nc3b5
28.Nf5e7 Nc6xe7
29.Bd6xe7 Rd8d4
30.Rc4xd4 Nb5xd4
31.c4 Nd4c6
32.Be7b4 Nc6xb4
33.axb4 { resign }
1-0

[Event "Tourn. n8605"]
[Site "www.chess-mail.com"]
[Date "2016.03.01"]
[Round "1"]
[White "Malbertan"]
[Black "Hundegana"]
[WhiteElo "2020"]
[BlackElo "1920"]
[Result "1-0"]
[Round "1"]
1.e4 c5
2.d4 cxd4
3.Ng1f3 Nb8c6
4.c3 dxc3
5.Bf1c4 cxb2
6.Bc1xb2 e6
7.O-O Ng8f6
8.Nb1d2 Bf8d6
9.e5 Qd8b6
10.Ra1b1 Bd6xe5
11.Nf3xe5 Nc6xe5
12.Bb2xe5 Qb6c5
13.Be5xf6 gxf6
14.Nd2e4 Qc5e5
15.Ne4d6 Ke7
16.Nd6xc8 Ra8xc8
17.Rb1xb7 Rh8d8
18.Qd1e2 Qe5a5
19.Rb7b5 Qa5c3
20.Bc4b3 d5
21.Rb5b7 Kf8
22.Qe2h5 Rc8c7
23.Rb7xc7 Qc3xc7
24.Qh5xh7 Ke7
25.Qh7h6 a5
26.Rf1c1 Qc7b6
27.Qh6e3 d4
28.Qe3d3 e5
29.Qd3c4 Rd8f8
30.Qc4c7 Qb6xc7
31.Rc1xc7 Ke8
32.Rc7a7 f5
33.Ra7xa5 f6
34.Ra5a8 Ke7
35.Ra8xf8 Kxf8
36.Bb3e6 f4
37.Be6f5 Ke7
38.Kf1 Kd6
39.h4 Ke7
40.h5 Kf7
41.a4 Kg7
42.a5 Kh6
43.Bf5g6 Kg5
44.a6 f5
45.a7 e4
46.a8Q e3
47.Qa8d8 Kh6
48.fxe3 dxe3
49.Qd8f6 f3
50.Bg6f7 Kh7
51.Qf6g6 Kh8
52.Qg6h6 { resign }
1-0

[Event "Tourn. n8578"]
[Site "www.chess-mail.com"]
[Date "2016.03.01"]
[Round "1"]
[White "Cal"]
[Black "Falcoale"]
[WhiteElo "1600"]
[BlackElo "1680"]
[Result "0-1"]
[Round "1"]
1.d4 Ng8f6
2.h3 e6
3.a3 d5
4.Nb1c3 a6
5.Bc1g5 h6
6.Bg5h4 Bf8e7
7.e3 O-O
8.b4 b5
9.Ng1f3 Bc8b7
10.Bf1d3 Nb8d7
11.O-O Ra8c8
12.Nc3e2 Nf6e4
13.Bh4xe7 Qd8xe7
14.Ne2f4 Nd7f6
15.Nf3e5 Nf6d7
16.Qd1g4 Nd7xe5
17.f3 Ne5xg4
18.Bd3xe4 dxe4
19.fxg4 e5
20.dxe5 Qe7xe5
21.Ra1c1 Qe5b2
22.c4 Qb2xa3
23.Nf4h5 Qa3xe3
24.Kh1 c5
25.cxb5 c4
26.Rc1e1 Qe3c3
27.Re1b1 axb5
28.Rf1f5 e3
29.Rf5xb5 Qc3c2
30.Rb5xb7 Qc2xb1
31.Kh2 e2
32.Nh5g3 e1Q
33.b5 c3
34.b6 Rc8b8
35.Rb7xb8 Rf8xb8
36.Ng3f5 c2
37.b7 c1Q
38.Nf5e7 Kf8
39.Ne7f5 Qc1f4
40.g3 Qb1c2
{ resign }
0-1

[Event "Tourn. n8662"]
[Site "www.chess-mail.com"]
[Date "2016.03.01"]
[Round "1"]
[White "Shlomo"]
[Black "Daquata"]
[WhiteElo "1469"]
[BlackElo "1630"]
[Result "1-0"]
[Round "1"]
1.e4 e5
2.Ng1f3 Nb8c6
3.Bf1b5 a6
4.Bb5xc6 dxc6
5.Nf3xe5 Qd8d4
6.O-O Qd4xe5
7.d4 Qe5h5
8.Qd1xh5 { resign }
1-0

[Event "Tourn. n8663"]
[Site "www.chess-mail.com"]
[Date "2016.03.01"]
[Round "1"]
[White "Bojan"]
[Black "Attatroll"]
[WhiteElo "2050"]
[BlackElo "2000"]
[Result "1-0"]
[Round "1"]
1.c4 d5
2.cxd5 Qd8xd5
3.Nb1c3 Qd5d8
4.g3 e5
5.Bf1g2 c6
6.Ng1f3 Bf8d6
7.d4 Nb8d7
8.dxe5 Nd7xe5
9.Nf3xe5 Bd6xe5
10.Qd1xd8 Kxd8
11.Bc1d2 Ng8f6
12.O-O-O Kc7
13.f3 Bc8e6
14.b3 Ra8d8
15.Nc3a4 Nf6d5
16.e4 Nd5b6
17.Na4c5 Rh8e8
18.Nc5xe6 Re8xe6
19.Bd2b4 Be5d6
20.Bb4c3 Bd6a3
21.Kc2 Re6d6
22.Bc3e5 f6
23.Be5xd6 Rd8xd6
24.Rd1xd6 Kxd6
25.f4 Nb6d7
26.Kc3 Nd7c5
27.Rh1d1 Ke6
28.Kc4 Nc5d7
29.Bg2h3 { resign }
1-0

[Event "Tourn. n8548"]
[Site "www.chess-mail.com"]
[Date "2016.03.01"]
[Round "1"]
[White "Falcoale"]
[Black "Gatrooper"]
[WhiteElo "1720"]
[BlackElo "1620"]
[Result "1-0"]
[Round "1"]
1.e4 e5
2.Ng1f3 Nb8c6
3.d4 exd4
4.Nf3xd4 Nc6xd4
5.Qd1xd4 d6
6.Nb1c3 Ng8f6
7.Bc1f4 a6
8.O-O-O c5
9.Qd4d2 Bc8g4
10.f3 Bg4e6
11.Bf4xd6 Bf8xd6
12.Qd2xd6 Qd8xd6
13.Rd1xd6 O-O
14.Nc3a4 Be6xa2
15.Na4c3 Ba2e6
16.Kb1 a5
17.Nc3b5 Ra8c8
18.e5 Nf6d5
19.c4 Nd5e3
20.b3 Be6f5
21.Kb2 Rc8d8
22.Ka3 Rd8xd6
23.Nb5xd6 b6
24.Nd6xf5 Ne3xf5
25.Bf1d3 Nf5d4
26.f4 g6
27.Bd3e4 Nd4e6
28.g3 f5
29.Be4d5 Kf7
30.h3 Ke7
31.h4 Ne6d4
32.h5 gxh5
33.Rh1xh5 Kd8
34.Rh5xh7 Nd4c2
35.Kb2 Nc2e3
36.Rh7a7 Ne3d1
37.Kc1 Nd1e3
38.Bd5c6 Ne3g4
39.e6 Kc8
40.e7 Rf8h8
41.Ra7a8 Kc7
42.Ra8xh8 Ng4f6
43.e8Q Nf6xe8
44.Rh8xe8 Kxc6
45.Re8f8 b5
46.Rf8xf5 b4
47.g4 a4
48.bxa4 Kb6
49.Kb2 Ka5
50.Rf5xc5 Kxa4
51.Rc5c8 Ka5
52.f5 Ka4
53.f6 b3
54.f7 Kb4
55.f8Q { resign }
1-0

[Event "Match"]
[Site "www.echecsemail.com"]
[Date "2016.03.01"]
[Round "1"]
[White "Knoxie"]
[Black "Pariolinius"]
[WhiteElo "1499"]
[BlackElo "1990"]
[Result "0-1"]
[Round "1"]
1.e4 e6
2.d4 d5
3.Nb1d2 Ng8f6
4.e5 Nf6d7
5.f4 f5
6.Qd1h5 g6
7.Qh5g5 Bf8e7
8.Qg5h6 Be7f8
9.Qh6h3 c5
10.Ng1f3 Nb8c6
11.Nf3g5 Qd8e7
12.Nd2f3 h6
13.Bc1e3 Bf8g7
14.Nf3h4 Nd7f8
15.Ng5f3 Bc8d7
16.Qh3g3 cxd4
17.Nf3xd4 O-O-O
18.Nd4b5 a6
19.Nb5d6 Kb8
20.Nh4xg6 Nf8xg6
21.Qg3xg6 Rh8f8
 { time }
0-1

[Event "Match"]
[Site "www.echecsemail.com"]
[Date "2016.03.01"]
[Round "1"]
[White "Ranjachess"]
[Black "Rindrandria"]
[WhiteElo "1730"]
[BlackElo "1550"]
[Result "1-0"]
[Round "1"]
1.e4 e5
2.d4 Qd8h4
3.Bf1d3 exd4
4.Ng1f3 Qh4f6
5.e5 Qf6b6
6.O-O c5
7.Nb1a3 d6
8.Na3c4 Qb6c7
9.Bc1f4 d5
10.Nc4d6 Bf8xd6
11.exd6 Qc7c6
12.Qd1e2 Bc8e6
13.Bd3f5 Kd8
14.Bf5xe6 fxe6
15.Qe2xe6 Nb8d7
16.Nf3e5 Nd7xe5
17.Bf4xe5 Qc6e8
18.Qe6f5 Qe8g6
19.Qf5f8 Qg6e8
20.Qf8xg7 Ng8h6
21.Qg7c7 
1-0

[Event "Match"]
[Site "www.echecsemail.com"]
[Date "2016.03.01"]
[Round "1"]
[White "Daquata"]
[Black "Caspito"]
[WhiteElo "1630"]
[BlackElo "1690"]
[Result "0-1"]
[Round "1"]
1.e4 e5
2.Ng1f3 Nb8c6
3.Bf1c4 h6
4.d4 exd4
5.Nf3xd4 d6
6.Nb1c3 Nc6e5
7.Bc4b3 Bc8e6
8.Nd4xe6 fxe6
9.Bb3xe6 Qd8f6
10.Be6xg8 Rh8xg8
11.O-O O-O-O
12.Bc1e3 g5
13.Nc3d5 Qf6g6
14.Rf1e1 g4
15.Qd1d4 h5
16.Qd4xa7 Ne5f3
17.Kf1 Nf3xe1
18.Ra1xe1 Qg6xe4
19.Nd5f6 Qe4c4
20.Kg1 c5
21.Nf6xg8 Qc4xg8
22.Be3f4 h4
23.Re1d1 Qg8e6
24.Bf4g5 Bf8e7
25.Bg5xe7 Qe6xe7
26.Qa7b6 Qe7e2
27.Rd1f1 Qe2xc2
28.Qb6b5 h3
29.b4 Kc7
30.bxc5 dxc5
31.Rf1e1 b6
32.Qb5e2 Qc2xe2
{ resign }
0-1

[Event "1/128 Finale"]
[Site "www.chess-mail.com"]
[Date "2016.03.01"]
[Round "1"]
[White "Labtrob"]
[Black "Roque1"]
[WhiteElo "1499"]
[BlackElo "1910"]
[Result "0-1"]
[Round "1"]
1.e4 Nb8c6
2.d4 e5
3.d5 Nc6d4
4.c3 Qd8h4
5.Bf1d3 Bf8c5
6.cxd4 Bc5xd4
7.Qd1e2 Ng8e7
8.Ng1f3 Qh4f6
9.Bc1e3 c5
10.Nb1c3 O-O
11.O-O a6
 { time }
0-1

[Event "1/32 Finale"]
[Site "www.chess-mail.com"]
[Date "2016.03.01"]
[Round "1"]
[White "Yangqi"]
[Black "Guidom"]
[WhiteElo "2660"]
[BlackElo "2120"]
[Result "1-0"]
[Round "1"]
1.e4 e5
2.f4 exf4
3.Ng1f3 d5
4.exd5 Qd8xd5
5.Nb1c3 Qd5d8
6.d4 Bf8b4
7.Bf1c4 Ng8f6
8.Qd1e2 Qd8e7
9.Qe2xe7 Kxe7
10.Bc1xf4 c6
11.O-O Rh8e8
12.Ra1e1 Kf8
13.Re1xe8 Nf6xe8
14.Nf3g5 f6
15.Ng5xh7 Ke7
16.Rf1e1 Kd8
17.a3 Bb4e7
18.Bc4f7 Bc8d7
19.Nc3e4 Bd7f5
20.Bf7xe8 Bf5xh7
21.Ne4d6 Be7xd6
22.Bf4xd6 Nb8a6
23.Re1e7 Bh7xc2
24.Be8h5 g6
25.Bh5f3 Ra8c8
26.Re7xb7 Bc2d3
27.Rb7xa7 f5
28.h4 Bd3b5
29.h5 g5
30.h6 { resign }
1-0

[Event "Tourn. n8520"]
[Site "www.chess-mail.com"]
[Date "2016.03.02"]
[Round "1"]
[White "Ipswich"]
[Black "Roque1"]
[WhiteElo "1460"]
[BlackElo "1690"]
[Result "0-1"]
[Round "1"]
1.c4 e6
2.Nb1c3 Ng8f6
3.d4 Bf8b4
4.e3 d5
5.cxd5 Qd8xd5
6.Bc1d2 Bb4xc3
7.Bd2xc3 O-O
8.Ng1f3 Nb8c6
9.Bf1d3 b6
10.O-O Bc8b7
11.Qd1e2 Nc6e7
12.Bd3c4 Qd5h5
13.Bc4a6 Bb7xa6
14.Qe2xa6 Ne7d5
15.Qa6d3 Ra8c8
16.h3 c5
17.dxc5 Rc8xc5
18.Bc3xf6 Nd5xf6
19.Ra1c1 Rc5d5
20.Qd3e2 Rf8d8
21.Rf1d1 Rd5xd1
22.Rc1xd1 Rd8xd1
23.Qe2xd1 h6
24.Qd1d8 Kh7
25.Qd8d3 g6
26.Qd3d4 Kg7
27.Qd4c3 Qh5d5
28.b3 Qd5d1
{ time. }
0-1

[Event "Tourn. n8605"]
[Site "www.chess-mail.com"]
[Date "2016.03.02"]
[Round "1"]
[White "Hundegana"]
[Black "Piekki"]
[WhiteElo "1920"]
[BlackElo "1900"]
[Result "0-1"]
[Round "1"]
1.e4 e5
2.c4 Bf8c5
3.Nb1c3 d6
4.h3 Ng8e7
5.Ng1f3 Nb8c6
6.Nc3a4 b6
7.Na4xc5 bxc5
8.a3 Ra8b8
9.b3 f5
10.Bf1d3 f4
11.Nf3g5 Ne7g8
12.h4 Ng8f6
13.Qd1c2 Nc6d4
14.Qc2a2 Bc8g4
15.f3 Bg4d7
16.Ra1b1 a5
17.a4 Nf6h5
18.O-O Nh5g3
19.Rf1f2 h6
20.Ng5h3 Qd8xh4
21.Kh2 Ng3xe4
22.Bd3xe4 Bd7xh3
23.Kg1 Qh4g3
24.d3 Bh3f5
25.Be4xf5 Nd4xf5
26.Bc1d2 Rb8a8
27.Bd2e1 Qg3g6
28.Rf2d2 h5
29.Kh2 h4
30.Be1f2 h3
31.gxh3 Rh8xh3
32.Kxh3 Kd7
33.Bf2h4 Ra8h8
34.Rd2g2 Rh8xh4

0-1